<?xml version="1.0" encoding="UTF-8"?>
<record
    xmlns:xsi="http://www.w3.org/2001/XMLSchema-instance"
    xsi:schemaLocation="http://www.loc.gov/MARC21/slim http://www.loc.gov/standards/marcxml/schema/MARC21slim.xsd"
    xmlns="http://www.loc.gov/MARC21/slim">

  <leader>01499nam a22002894a 4500</leader>
  <controlfield tag="001">506</controlfield>
  <controlfield tag="003">BR-RjBN</controlfield>
  <controlfield tag="005">20260413081245.0</controlfield>
  <controlfield tag="008">000713s2000    spb           000 f por d</controlfield>
  <datafield tag="020" ind1=" " ind2=" ">
    <subfield code="a"> 9786587817217</subfield>
  </datafield>
  <datafield tag="040" ind1=" " ind2=" ">
    <subfield code="b">por</subfield>
  </datafield>
  <datafield tag="041" ind1="1" ind2=" ">
    <subfield code="a">por</subfield>
    <subfield code="h">ger</subfield>
  </datafield>
  <datafield tag="082" ind1=" " ind2=" ">
    <subfield code="a">K11m</subfield>
    <subfield code="b">Ar833</subfield>
  </datafield>
  <datafield tag="100" ind1="1" ind2=" ">
    <subfield code="a">Kafka, Franz,</subfield>
    <subfield code="d">1883-1924</subfield>
    <subfield code="9">7</subfield>
  </datafield>
  <datafield tag="240" ind1="0" ind2="4">
    <subfield code="a">Die Verwandlung.</subfield>
  </datafield>
  <datafield tag="245" ind1="1" ind2="2">
    <subfield code="a">A metamorfose /</subfield>
    <subfield code="c">Franz Kafka ; tradu&#xE7;&#xE3;o e posf&#xE1;cio: Modesto Carone.</subfield>
  </datafield>
  <datafield tag="260" ind1=" " ind2=" ">
    <subfield code="a">S&#xE3;o Paulo</subfield>
    <subfield code="b">Camelot</subfield>
    <subfield code="c">2021</subfield>
  </datafield>
  <datafield tag="300" ind1=" " ind2=" ">
    <subfield code="a">96p. ;</subfield>
  </datafield>
  <datafield tag="520" ind1=" " ind2=" ">
    <subfield code="a">"Ao acordar, certa manh&#xE3;, de sonhos inquietos, Gregor Samsa se deu conta de que havia se metamorfoseado num gigantesco inseto. Estava deitado na cama, sobre as costas, que eram t&#xE3;o duras que pareciam uma armadura de metal e, ao levantar um pouco a cabe&#xE7;a, visualizou a barriga marrom e arredondada, dividida em arcos r&#xED;gidos, sobre a qual a coberta n&#xE3;o conseguia permanecer, estando a ponto de escorregar e cair a qualquer momento. Possu&#xED;a in&#xFA;meras pernas, que eram desproporcionalmente finas em rela&#xE7;&#xE3;o ao resto do corpo e elas se agitavam desesperadamente diante de seus olhos." Publicada pela primeira vez em 1915, esta narrativa breve e intensa &#xE9; caracterizada como um dos maiores cl&#xE1;ssicos da literatura universal.

</subfield>
  </datafield>
  <datafield tag="650" ind1=" " ind2="0">
    <subfield code="a">Literatura austriaca </subfield>
    <subfield code="9">135</subfield>
  </datafield>
  <datafield tag="650" ind1=" " ind2="0">
    <subfield code="a">Existencialismo</subfield>
    <subfield code="9">217</subfield>
  </datafield>
  <datafield tag="650" ind1=" " ind2="0">
    <subfield code="a">Aliena&#xE7;&#xE3;o</subfield>
    <subfield code="9">1090</subfield>
  </datafield>
  <datafield tag="655" ind1=" " ind2="0">
    <subfield code="a">Romance</subfield>
    <subfield code="9">23</subfield>
  </datafield>
  <datafield tag="655" ind1=" " ind2="0">
    <subfield code="a">Fic&#xE7;&#xE3;o </subfield>
    <subfield code="9">22</subfield>
  </datafield>
  <datafield tag="700" ind1=" " ind2=" ">
    <subfield code="a">Kataoka, Fabio</subfield>
    <subfield code="e">TRADUTOR</subfield>
    <subfield code="9">1089</subfield>
  </datafield>
  <datafield tag="942" ind1=" " ind2=" ">
    <subfield code="2">ddc</subfield>
    <subfield code="n">0</subfield>
    <subfield code="c">BK</subfield>
  </datafield>
  <datafield tag="952" ind1=" " ind2=" ">
    <subfield code="0">0</subfield>
    <subfield code="1">0</subfield>
    <subfield code="2">ddc</subfield>
    <subfield code="4">0</subfield>
    <subfield code="7">0</subfield>
    <subfield code="8">FIC</subfield>
    <subfield code="a">BIBIB</subfield>
    <subfield code="b">BIBIB</subfield>
    <subfield code="c">LE</subfield>
    <subfield code="d">2026-04-13</subfield>
    <subfield code="e">doa&#xE7;&#xE3;o</subfield>
    <subfield code="l">0</subfield>
    <subfield code="p">2026-17441</subfield>
    <subfield code="r">2026-04-13 07:56:58</subfield>
    <subfield code="t">Ar833 / K11m</subfield>
    <subfield code="w">2026-04-13</subfield>
    <subfield code="y">BK</subfield>
  </datafield>
  <datafield tag="999" ind1=" " ind2=" ">
    <subfield code="c">506</subfield>
    <subfield code="d">506</subfield>
  </datafield>
</record>
